[Event "GER-ch U25 op-C"]
[Site "Willingen"]
[Date "2024.05.23"]
[Round "7"]
[White "Boerner, Martha"]
[Black "Luible, Sebastian"]
[Result "1/2-1/2"]
[WhiteElo "1197"]
[BlackElo "1181"]
[PlyCount "64"]
[EventDate "2024.05.19"]
[EventType "swiss"]
[EventRounds "9"]
[EventCountry "GER"]
[SourceTitle "EXT 2025"]
[Source "ChessBase"]
[SourceDate "2024.10.14"]
[SourceVersion "1"]
[SourceVersionDate "2024.10.14"]
[SourceQuality "1"]

1. e4 d5 2. e5 f6 3. d4 Nc6 4. exf6 Nxf6 5. Bb5 a6 6. Bxc6+ bxc6 7. Nc3 h6 8. h3 Bf5 9. Nf3 e6 10. 0-0 c5 11. Bf4 Bd6 12. Bxd6 cxd6 13. Re1 Ne4 14. Nxe4 Bxe4 15. Nd2 Bf5 16. Qh5+ g6 17. Qf3 0-0 18. Qg3 Qe7 19. c3 cxd4 20. cxd4 Rad8 21. h4 Qf6 22. Nf3 Be4 23. h5 g5 24. Rad1 Bxf3 25. Qxf3 Qxf3 26. gxf3 Rfe8 27. Rd2 Kf7 28. Rc1 Rc8 29. Rdc2 Rxc2 30. Rxc2 Rb8 31. b3 Rb6 32. Rc7+ Kg8 1/2-1/2